Tretie dejstvo ropných šokov

Ekonomické hľadisko tzv. ropného šoku. Príčiny ropných šokov. Spoločné znaky ropných šokov. Útok na Irak a ponuka ropy na svetových trhoch. Vplyv vojnových konfliktov na cenu ropy.

Enregistré dans:
Détails bibliographiques
Auteur principal: Obadi, Saleh Mothana
Format: Chapitre de livre
Langue:slovaque
Sujets:
Tags: Ajouter un tag
Pas de tags, Soyez le premier à ajouter un tag!

MARC

LEADER 00000naa a2200000 4500
001 r048360
005 20230920090338.8
041 0 |a slo 
044 |a SK 
245 1 0 |a Tretie dejstvo ropných šokov  |c Obadi Saleh Mothana 
520 |a Ekonomické hľadisko tzv. ropného šoku. Príčiny ropných šokov. Spoločné znaky ropných šokov. Útok na Irak a ponuka ropy na svetových trhoch. Vplyv vojnových konfliktov na cenu ropy. 
610 2 0 |a ropa 
610 2 0 |a USA 
610 2 0 |a Irak 
610 2 0 |a konflikty medzinárodné 
610 2 0 |a vojny 
610 2 0 |a ceny 
610 2 0 |a kríza 
610 2 0 |a OPEC 
100 1 |a Obadi, Saleh Mothana